000 00787 a2200241 4500
040 _aBUAC
_bFre
_cBUC
041 _aFre
100 _lFr
_918156
245 _aRecueil de texte :
_bStatut des hussiers, les tarifs des actes d'hussiers de justice en matière civile et commerciale, statut des commissaires-priseurs en République du Bénin
260 _aCotonou
260 _bEd. Nonagnon
260 _c2006
300 _a69p.
_c21 cm
440 _a(Droits et lois)
_918157
630 _aSCIENCES SOCIALES
_918158
650 _aHussier : législation
_918159
700 _aDir., Mathieu, Paul
_918160
700 _aLaurent, Pierre-Joseph
_918161
700 _aWillame, Jean-Claude
_918162
710 _aINSTITUT D'ETUDES DU DEVELOPPEMENT
_918163
942 _cLIVR
999 _c42404
_d42404